Memòria d'activitats 2002 / Centre de Recursos per a la Innovació i la Defensa dels Drets Socials
Descripción Física:
23 f. ; 29 cm
MARC
| LEADER | 00000nam a2200000Ia 4500 | ||
|---|---|---|---|
| 001 | 22483 | ||
| 008 | 160829s2002 xx 000 0 cat d | ||
| 080 | |a FU-55-21 | ||
| 100 | |a Comunàlia. Recursos per a la Defensa dels Drets Socials |9 47420 | ||
| 245 | |a Memòria d'activitats 2002 / Centre de Recursos per a la Innovació i la Defensa dels Drets Socials | ||
| 260 | |a Barcelona : |b Diputació de Barcelona, |c 2002 | ||
| 300 | |a 23 f. ; |c 29 cm | ||
| 590 | |a A la portada: Comunàlia. | ||
| 590 | |a Prové de G-230, exp. 2 | ||
| 650 | |a Comunàlia. Recursos per a la Defensa dels Drets Socials |x Memòries |9 47421 | ||
| 710 | 1 | |a Barcelona (Catalunya : Província). |b Diputació |9 52408 | |
| 901 | |a Arxiu | ||
| 942 | |n 1 | ||
| 952 | |0 0 |1 0 |4 0 |6 FU5521 |7 1 |9 53872 |a Arxiu |b Arxiu |d 2016-12-01 |l 0 |o FU-55-21 |p 22483 |r 2016-12-01 00:00:00 |w 2016-12-01 |y ARXIU | ||
| 999 | |c 57738 |d 57738 | ||